[Event "Montreal op"]
[Site "Montreal CAN"]
[Date "2012.09.08"]
[Round "3"]
[White "Hebert, Jean"]
[Black "Kovalyov, Anton"]
[Result "1/2-1/2"]
[WhiteElo "2424"]
[BlackElo "2593"]
[PlyCount "94"]
[GameId "2160767909445270"]
[EventDate "2012.09.07"]
[EventType "swiss"]
[EventRounds "5"]
[EventCountry "CAN"]
[SourceTitle "hb 2012"]

1. d4 Nf6 2. Nf3 e6 3. c4 b6 4. a3 Ba6 5. e3 d5 6. b3 c5 7. Bb2 cxd4 8. exd4 Be7 9. Bd3 O-O 10. O-O Nc6 11. Nbd2 Rc8 12. Re1 Bb7 13. Qe2 g6 14. Rac1 dxc4 15. bxc4 Nh5 16. g3 Bf6 17. Qe3 Bg7 18. Bf1 Re8 19. Nb3 Nf6 20. Bg2 Ne7 21. Ne5 Nf5 22. Qe2 Bxg2 23. Kxg2 h5 24. h3 Nd7 25. Nf3 a5 26. Nbd2 Nc5 27. dxc5 Bxb2 28. Rb1 Bxa3 29. cxb6 Bb4 30. Red1 Qxb6 31. Ne4 e5 32. Rd5 Rcd8 33. g4 hxg4 34. hxg4 Nd4 35. Nxd4 exd4 36. Qf3 Kg7 37. Rh1 Rxd5 38. cxd5 Qd8 39. g5 Rxe4 40. Qxe4 Qxg5+ 41. Kf3 Bc5 42. Ke2 a4 43. Qe8 d3+ 44. Kf1 Qc1+ 45. Kg2 Qg5+ 46. Kf1 Qc1+ 47. Kg2 Qg5+ 1/2-1/2

[Event "Montreal op"]
[Site "Montreal CAN"]
[Date "2012.09.08"]
[Round "3"]
[White "Ibrahim, Anthony"]
[Black "Sturt, Raven"]
[Result "0-1"]
[WhiteElo "2191"]
[BlackElo "2277"]
[PlyCount "82"]
[GameId "2160767909445271"]
[EventDate "2012.09.07"]
[EventType "swiss"]
[EventRounds "5"]
[EventCountry "CAN"]
[SourceTitle "EXT 2013"]
[Source "ChessBase"]
[SourceDate "2012.11.22"]
[SourceVersion "1"]
[SourceVersionDate "2012.11.22"]
[SourceQuality "1"]

1. e4 e5 2. Nf3 Nc6 3. d4 exd4 4. Nxd4 Nf6 5. Nxc6 bxc6 6. Bd3 d6 7. O-O g6 8. Nc3 Bg7 9. Bg5 O-O 10. f4 Rb8 11. Kh1 Qe8 12. Rb1 h6 13. Bh4 Nd7 14. Qd2 Rb6 15. Bf2 Rb4 16. a3 Rb7 17. Ba6 Rxb2 18. Rxb2 Bxa6 19. Re1 Nb6 20. Bxb6 axb6 21. Rbb1 Qe6 22. Re3 Qf6 23. Rf3 Re8 24. Qf2 Qd4 25. Qe1 c5 26. e5 Bb7 27. Nb5 Qa4 28. Rf1 Re7 29. Qd2 dxe5 30. f5 gxf5 31. Rxf5 Qg4 32. Rbf1 Rd7 33. Qf2 Ba6 34. a4 c6 35. Rxf7 cxb5 36. Rf3 bxa4 37. Rg3 Qf4 38. Rf3 Qg5 39. c4 Bxc4 40. Rg3 Rf7 41. Rxg5 hxg5 0-1

[Event "Montreal op"]
[Site "Montreal CAN"]
[Date "2012.09.08"]
[Round "3"]
[White "Kleinman, Michael"]
[Black "Hambleton, Aman"]
[Result "0-1"]
[WhiteElo "2394"]
[BlackElo "2468"]
[PlyCount "108"]
[GameId "2160767909445272"]
[EventDate "2012.09.07"]
[EventType "swiss"]
[EventRounds "5"]
[EventCountry "CAN"]
[SourceTitle "hb 2012"]

1. c4 c5 2. Nf3 Nf6 3. Nc3 b6 4. d4 cxd4 5. Nxd4 Bb7 6. f3 e6 7. e4 d6 8. Be2 a6 9. O-O Nbd7 10. Be3 Be7 11. Qd2 Qc7 12. Rfc1 O-O 13. Kh1 Rfe8 14. a4 Rab8 15. Bf1 Ne5 16. Qf2 h5 17. b4 Ba8 18. Rab1 h4 19. Nb3 Ng6 20. a5 bxa5 21. Nxa5 d5 22. cxd5 Bxb4 23. Nc6 Bxc6 24. dxc6 Ba3 25. Rc2 Bd6 26. Bb6 Qxc6 27. Bxa6 Be5 28. Nd1 Qd6 29. Rd2 Qa3 30. Bf1 Rec8 31. Ne3 Bf4 32. Rd3 Qe7 33. Rdb3 Nh5 34. Be2 Qg5 35. Nf1 Rc2 36. Be3 Rxb3 37. Rxb3 Bxe3 38. Rxe3 Ngf4 39. g3 hxg3 40. hxg3 Nxe2 41. Rxe2 Rxe2 42. Qxe2 Nxg3+ 43. Nxg3 Qxg3 44. Qd3 e5 45. Qb3 g6 46. Qd3 Kg7 47. Qc3 Kh6 48. Qb3 f6 49. Qe3+ Kh5 50. Qe2 Kh4 51. Qe3 g5 52. Qe2 g4 53. f4 Qf3+ 54. Qxf3 gxf3 0-1

[Event "Montreal op"]
[Site "Montreal CAN"]
[Date "2012.09.08"]
[Round "3"]
[White "Kraiouchkine, Nikita"]
[Black "Wu, Qiyou"]
[Result "1-0"]
[WhiteElo "2310"]
[BlackElo "2043"]
[PlyCount "97"]
[GameId "2160767909445273"]
[EventDate "2012.09.07"]
[EventType "swiss"]
[EventRounds "5"]
[EventCountry "CAN"]
[SourceTitle "hb 2012"]

1. e4 c5 2. Nf3 d6 3. d4 cxd4 4. Nxd4 Nf6 5. Nc3 g6 6. Be3 Bg7 7. f3 Nc6 8. Qd2 O-O 9. Bc4 Bd7 10. O-O-O Ne5 11. Bb3 Qa5 12. Bh6 Bxh6 13. Qxh6 Rfc8 14. Qe3 Nc4 15. Bxc4 Rxc4 16. Kb1 Rac8 17. Nb3 Qa6 18. Rd2 Be6 19. h4 h5 20. g4 Bxg4 21. fxg4 Nxg4 22. Qg5 Rxc3 23. bxc3 Ne5 24. Qxe7 Nc4 25. Rd4 Na3+ 26. Kb2 Nb5 27. a4 Nxd4 28. cxd4 Qxa4 29. Qxd6 Qc4 30. Qh2 a5 31. Qd2 a4 32. Nc1 Qb5+ 33. Ka1 Qc6 34. d5 Qd6 35. Na2 Qe5+ 36. c3 Qxe4 37. Re1 Qxh4 38. d6 Rd8 39. d7 Kh7 40. Re8 a3 41. Rxd8 Qxd8 42. Qd5 Kg7 43. Nb4 h4 44. Qxb7 h3 45. Nc6 Qf6 46. d8=Q Qxc3+ 47. Ka2 Qc2+ 48. Kxa3 Qc3+ 49. Ka2 1-0

[Event "Montreal op"]
[Site "Montreal CAN"]
[Date "2012.09.08"]
[Round "3"]
[White "Lepine, Cedric"]
[Black "Beaulieu, Pierre"]
[Result "0-1"]
[WhiteElo "2062"]
[BlackElo "2000"]
[PlyCount "50"]
[GameId "2160767909445274"]
[EventDate "2012.09.07"]
[EventType "swiss"]
[EventRounds "5"]
[EventCountry "CAN"]
[SourceTitle "hb 2012"]

1. d4 b6 2. Bf4 Bb7 3. Nd2 f5 4. e3 Nf6 5. c3 e6 6. f3 Nh5 7. Ne2 c5 8. Bxb8 Rxb8 9. Nc4 b5 10. Ne5 c4 11. f4 d6 12. Nf3 Bxf3 13. gxf3 Qh4+ 14. Kd2 e5 15. fxe5 dxe5 16. Qe1 Qd8 17. Ng3 Nxg3 18. Qxg3 f4 19. exf4 exd4 20. Re1+ Kf7 21. Qf2 Bc5 22. Kc1 dxc3 23. Qc2 Qd2+ 24. Qxd2 cxd2+ 25. Kxd2 Bb4+ 0-1

[Event "Montreal op"]
[Site "Montreal CAN"]
[Date "2012.09.08"]
[Round "3"]
[White "MacKinnon, Keith"]
[Black "Robichaud, Louis"]
[Result "1-0"]
[WhiteElo "2301"]
[BlackElo "2136"]
[PlyCount "53"]
[GameId "2160767909445275"]
[EventDate "2012.09.07"]
[EventType "swiss"]
[EventRounds "5"]
[EventCountry "CAN"]
[SourceTitle "hb 2012"]

1. e4 e5 2. Nf3 Nc6 3. d4 exd4 4. Nxd4 Bc5 5. Nf5 d5 6. Nc3 Bxf5 7. exf5 Nf6 8. Bd3 Qe7+ 9. Qe2 Qxe2+ 10. Bxe2 O-O-O 11. O-O Rhe8 12. Bd3 Nb4 13. Bg5 Nxd3 14. cxd3 Re5 15. g4 Nxg4 16. Bxd8 Kxd8 17. h3 Nf6 18. Rae1 Rxf5 19. Ne2 c6 20. Kg2 h5 21. Ng3 Rf4 22. Re5 Bd4 23. Rf5 Rh4 24. b3 Bc5 25. Rxf6 gxf6 26. f4 Bd6 27. Ne2 1-0

[Event "Montreal op"]
[Site "Montreal CAN"]
[Date "2012.09.08"]
[Round "3"]
[White "Nicula, Marius"]
[Black "Jiang, Louie"]
[Result "1/2-1/2"]
[WhiteElo "2196"]
[BlackElo "2368"]
[PlyCount "72"]
[GameId "2160767909445276"]
[EventDate "2012.09.07"]
[EventType "swiss"]
[EventRounds "5"]
[EventCountry "CAN"]
[SourceTitle "hb 2012"]

1. Nf3 Nf6 2. g3 b6 3. Bg2 Bb7 4. O-O e6 5. c4 c5 6. b3 Be7 7. Bb2 O-O 8. Nc3 d5 9. Ne5 Nc6 10. Nxc6 Bxc6 11. d4 Rc8 12. cxd5 exd5 13. Rc1 Qd7 14. Rc2 Rfd8 15. Rd2 Qe6 16. e3 cxd4 17. Rxd4 Ne4 18. Nxe4 dxe4 19. Qa1 Rxd4 20. Bxd4 f6 21. Rc1 Bd5 22. Rxc8+ Qxc8 23. Qb1 Qc6 24. b4 Kf7 25. Qb2 h5 26. Bf1 a5 27. Be2 g6 28. a4 f5 29. Bb5 Qe6 30. Bh8 Bf6 31. Bxf6 Qxf6 32. Qc2 Kg7 33. Qc7+ Kh6 34. Qf4+ Kg7 35. Qc7+ Kh6 36. Qf4+ Kg7 1/2-1/2

[Event "Montreal op"]
[Site "Montreal CAN"]
[Date "2012.09.08"]
[Round "3"]
[White "Ramaswamy, Kiran"]
[Black "Forget, Luc"]
[Result "1/2-1/2"]
[WhiteElo "2006"]
[BlackElo "2037"]
[PlyCount "113"]
[GameId "2160767909445277"]
[EventDate "2012.09.07"]
[EventType "swiss"]
[EventRounds "5"]
[EventCountry "CAN"]
[SourceTitle "hb 2012"]

1. c4 e6 2. Nf3 d5 3. b3 Nf6 4. g3 Be7 5. Bg2 O-O 6. O-O d4 7. d3 Nc6 8. e4 e5 9. Ne1 a5 10. a3 Bg4 11. f3 Bd7 12. h3 Ne8 13. Kh2 f5 14. f4 Bc5 15. Ra2 Nd6 16. fxe5 Nxe5 17. Bf4 Qe7 18. Nf3 Nxf3+ 19. Bxf3 Bc6 20. Bxd6 Bxd6 21. exf5 Qe5 22. Rg2 Rxf5 23. Re1 Qf6 24. Be4 Rf2 25. Kh1 Rf8 26. Bxc6 bxc6 27. Reg1 Qf3 28. Nd2 Qxd3 29. c5 Be5 30. Nc4 Qxd1 31. Rxd1 Rf1+ 32. Rxf1 Rxf1+ 33. Rg1 Rxg1+ 34. Kxg1 d3 35. Kf2 Bd4+ 36. Ke1 Bc3+ 37. Kf2 Kf7 38. Ke3 d2 39. Nxd2 Bxd2+ 40. Kxd2 Ke6 41. b4 axb4 42. axb4 Kd5 43. Kd3 g5 44. g4 h6 45. Kc3 Ke5 46. Kc4 Ke4 47. Kc3 Kf3 48. Kc4 Kg3 49. b5 cxb5+ 50. Kxb5 Kxh3 51. Kc6 Kxg4 52. Kxc7 Kf3 53. Kb7 g4 54. c6 g3 55. c7 g2 56. c8=Q g1=Q 57. Qf8+ 1/2-1/2

[Event "Montreal op"]
[Site "Montreal CAN"]
[Date "2012.09.08"]
[Round "3"]
[White "Roy, Myriam"]
[Black "Zhu, Hong Rui"]
[Result "1/2-1/2"]
[WhiteElo "2068"]
[BlackElo "2036"]
[PlyCount "34"]
[GameId "2160767909445278"]
[EventDate "2012.09.07"]
[EventType "swiss"]
[EventRounds "5"]
[EventCountry "CAN"]
[SourceTitle "hb 2012"]

1. e4 c5 2. Nf3 d6 3. d4 cxd4 4. Nxd4 Nf6 5. Nc3 g6 6. Be2 Bg7 7. O-O O-O 8. Nb3 Nc6 9. Be3 Be6 10. f4 Na5 11. f5 Bc4 12. Bd3 Bxd3 13. cxd3 b6 14. Kh1 d5 15. Bg1 dxe4 16. dxe4 Qc7 17. Qe2 Qe5 1/2-1/2

[Event "Montreal op"]
[Site "Montreal CAN"]
[Date "2012.09.08"]
[Round "3"]
[White "Sapozhnikov, Roman"]
[Black "Tomb, Maroun"]
[Result "1-0"]
[WhiteElo "2470"]
[BlackElo "2209"]
[PlyCount "39"]
[GameId "2160767909445279"]
[EventDate "2012.09.07"]
[EventType "swiss"]
[EventRounds "5"]
[EventCountry "CAN"]
[SourceTitle "hb 2012"]

1. e4 c5 2. Nf3 Nc6 3. d4 cxd4 4. Nxd4 g6 5. Nc3 Bg7 6. Be3 Nf6 7. Bc4 O-O 8. Bb3 a5 9. O-O a4 10. Nxa4 Nxe4 11. Nb5 d6 12. Bb6 Qd7 13. c4 Nc5 14. Nc7 Rb8 15. Re1 Nxa4 16. Bxa4 Bxb2 17. Rb1 Bc3 18. Re3 Bd4 19. Qxd4 Qf5 20. Qd1 1-0

[Event "Montreal op"]
[Site "Montreal CAN"]
[Date "2012.09.08"]
[Round "3"]
[White "Yu, Zong Yang"]
[Black "Masse, Hugues"]
[Result "1/2-1/2"]
[WhiteElo "2043"]
[BlackElo "2246"]
[PlyCount "75"]
[GameId "2160767909445280"]
[EventDate "2012.09.07"]
[EventType "swiss"]
[EventRounds "5"]
[EventCountry "CAN"]
[SourceTitle "hb 2012"]

1. d4 Nf6 2. c4 g6 3. Nc3 d5 4. g3 Bg7 5. Bg2 dxc4 6. Qa4+ Nfd7 7. e3 O-O 8. Qxc4 Nb6 9. Qd3 Nc6 10. Nge2 e5 11. O-O exd4 12. exd4 Nxd4 13. Nxd4 Bxd4 14. Rd1 Bf6 15. Qf3 Qe7 16. Ne4 Bg7 17. Bg5 f6 18. Be3 Qf7 19. Bc5 Re8 20. Bd4 Bf5 21. Nc5 c6 22. g4 Be6 23. Ne4 Bxg4 24. Nxf6+ Bxf6 25. Qxg4 Bxd4 26. Qxd4 Qg7 27. Qb4 Re2 28. Rd2 Rxd2 29. Qxd2 Nc4 30. Qe2 Qf7 31. Re1 Nd6 32. Bh3 Nf5 33. Qe5 Rf8 34. Qc5 Qxa2 35. Bxf5 gxf5 36. Re3 f4 37. Qg5+ Kh8 38. Qe5+ 1/2-1/2

[Event "Montreal op"]
[Site "Montreal CAN"]
[Date "2012.09.09"]
[Round "4"]
[White "Beaulieu, Pierre"]
[Black "Nicula, Marius"]
[Result "0-1"]
[WhiteElo "1806"]
[BlackElo "2206"]
[PlyCount "70"]
[GameId "2160767909445281"]
[EventDate "2012.09.07"]
[EventType "swiss"]
[EventRounds "5"]
[EventCountry "CAN"]
[SourceTitle "EXT 2013"]
[Source "ChessBase"]
[SourceDate "2012.11.22"]
[SourceVersion "1"]
[SourceVersionDate "2012.11.22"]
[SourceQuality "1"]

1. b3 e5 2. Bb2 d6 3. e3 Nf6 4. d4 exd4 5. Qxd4 Be7 6. Nf3 Bf5 7. Bd3 Nc6 8. Qa4 Bd7 9. Bb5 a6 10. Bxc6 Bxc6 11. Qd4 Qd7 12. Nbd2 Qf5 13. O-O-O b6 14. Qc3 Qc5 15. Nd4 Qxc3 16. Bxc3 Bxg2 17. Rhg1 Be4 18. f3 Bg6 19. Nc6 Bf8 20. e4 Kd7 21. Nd4 Re8 22. Rde1 d5 23. e5 Nh5 24. Rg4 c5 25. Ne2 d4 26. Nxd4 cxd4 27. Rxd4+ Kc7 28. f4 Bf5 29. Nf3 Bc5 30. Ra4 b5 31. Rxa6 Nxf4 32. Bd4 Kb7 33. Ra5 Kb6 34. b4 Ne6 35. Bxc5+ Nxc5 0-1

[Event "Montreal op"]
[Site "Montreal CAN"]
[Date "2012.09.09"]
[Round "4"]
[White "Bleau, John"]
[Black "Gauthier, Denis"]
[Result "1/2-1/2"]
[WhiteElo "2000"]
[BlackElo "2000"]
[PlyCount "102"]
[GameId "2160767909445282"]
[EventDate "2012.09.07"]
[EventType "swiss"]
[EventRounds "5"]
[EventCountry "CAN"]

1. d4 Nf6 2. c4 e6 3. g3 d5 4. Bg2 Nbd7 5. Nf3 c6 6. O-O b6 7. Nbd2 Bb7 8. b3 Be7 9. Bb2 O-O 10. Rc1 Bd6 11. Rc2 Qe7 12. Qa1 Rfc8 13. a3 a5 14. Ne5 Ne8 15. Nxd7 Qxd7 16. c5 Bc7 17. e4 Nf6 18. e5 Ne8 19. Re1 g6 20. Nf3 Ng7 21. Qc1 Qe7 22. Bh3 Kh8 23. Qh6 Qf8 24. g4 Qg8 25. Bc1 Ne8 26. Be3 Qg7 27. g5 Qg8 28. Bg4 Ng7 29. Qh3 Nf5 30. Bxf5 gxf5 31. Qh6 Qg6 32. Qxg6 fxg6 33. Rd1 Kg7 34. Nh4 Kf7 35. Ng2 bxc5 36. Rxc5 Bb6 37. Rc3 Rc7 38. Nf4 Ba6 39. Rdc1 Rac8 40. f3 Ba7 41. Kf2 Bb5 42. Ke1 Bb6 43. Kd2 a4 44. b4 Rh8 45. Nd3 Bc4 46. Nb2 Bb5 47. Nd3 Rcc8 48. Nc5 Bxc5 49. Rxc5 Ke7 50. h4 Rcf8 51. Bf4 Kd7 1/2-1/2

[Event "Montreal op"]
[Site "Montreal CAN"]
[Date "2012.09.09"]
[Round "4"]
[White "Bolduc, Steve"]
[Black "Chiku-Ratte, Olivier-Kenta"]
[Result "0-1"]
[WhiteElo "2189"]
[BlackElo "2056"]
[PlyCount "86"]
[GameId "2160767909445283"]
[EventDate "2012.09.07"]
[EventType "swiss"]
[EventRounds "5"]
[EventCountry "CAN"]
[SourceTitle "EXT 2013"]
[Source "ChessBase"]
[SourceDate "2012.11.22"]
[SourceVersion "1"]
[SourceVersionDate "2012.11.22"]
[SourceQuality "1"]

1. d4 Nf6 2. c4 c5 3. d5 e6 4. Nc3 exd5 5. cxd5 d6 6. e4 g6 7. Nf3 Bg7 8. h3 O-O 9. Bd3 b5 10. O-O c4 11. Bc2 b4 12. Ne2 Re8 13. Ng3 Nbd7 14. Be3 Qc7 15. Re1 Nc5 16. Bd4 Ba6 17. Ba4 Nfd7 18. Bxg7 Kxg7 19. Bc6 Rac8 20. Nd4 Nd3 21. Qg4 N7e5 22. Qg5 Qd8 23. Nh5+ Kh8 24. Nf6 Rg8 25. Re2 Rg7 26. Kh2 Qb6 27. Nf3 Nxf3+ 28. gxf3 Qd4 29. f4 c3 30. bxc3 bxc3 31. Rd1 Qc5 32. Rg1 c2 33. Rxc2 Qxc2 34. Nh5 Qxf2+ 35. Rg2 Qd4 36. e5 dxe5 37. Qf6 Rcg8 38. f5 h6 39. fxg6 fxg6 40. Be8 Nf4 41. Nxg7 Rxg7 42. Bxg6 Nxg6 43. Rxg6 Qd2+ 0-1

[Event "Montreal op"]
[Site "Montreal CAN"]
[Date "2012.09.09"]
[Round "4"]
[White "Enkh-Amar, Galbadrakh"]
[Black "Kraiouchkine, Nikita"]
[Result "0-1"]
[WhiteElo "2160"]
[BlackElo "2240"]
[PlyCount "68"]
[GameId "2160767909445284"]
[EventDate "2012.09.07"]
[EventType "swiss"]
[EventRounds "5"]
[EventCountry "CAN"]
[SourceTitle "EXT 2013"]
[Source "ChessBase"]
[SourceDate "2012.11.22"]
[SourceVersion "1"]
[SourceVersionDate "2012.11.22"]
[SourceQuality "1"]

1. Nf3 d5 2. d4 Nf6 3. c4 c6 4. Nc3 dxc4 5. a4 Bf5 6. e3 e6 7. Bxc4 Bb4 8. O-O O-O 9. Nh4 Bg4 10. f3 Bh5 11. g4 Nd5 12. Qe1 Be7 13. Ng2 Bg6 14. Qf2 Nb6 15. Be2 c5 16. Rd1 cxd4 17. Rxd4 Qc8 18. a5 N6d7 19. Nf4 Nc6 20. Nxg6 fxg6 21. Rc4 a6 22. f4 Qd8 23. Rca4 Nc5 24. Rc4 Nb3 25. Rb1 Ncxa5 26. Re4 Qb6 27. Bf3 Nc5 28. Rd4 Nab3 29. Rd1 Rad8 30. Rxd8 Bxd8 31. Qe2 Bc7 32. Kg2 Rd8 33. Qc2 Nd3 34. Bd2 Nxf4+ 0-1

[Event "Montreal op"]
[Site "Montreal CAN"]
[Date "2012.09.09"]
[Round "4"]
[White "Forget, Luc"]
[Black "Roy, Myriam"]
[Result "1/2-1/2"]
[WhiteElo "2005"]
[BlackElo "1996"]
[PlyCount "75"]
[GameId "2160767909445285"]
[EventDate "2012.09.07"]
[EventType "swiss"]
[EventRounds "5"]
[EventCountry "CAN"]
[SourceTitle "EXT 2013"]
[Source "ChessBase"]
[SourceDate "2012.11.22"]
[SourceVersion "1"]
[SourceVersionDate "2012.11.22"]
[SourceQuality "1"]

1. d4 d5 2. c4 c6 3. cxd5 cxd5 4. Nc3 Nc6 5. Nf3 Nf6 6. Bf4 e6 7. e3 a6 8. Bd3 Be7 9. O-O O-O 10. a3 b5 11. Rc1 Bb7 12. Nb1 Rc8 13. Nbd2 Na5 14. Qe2 Nc4 15. Rc2 Qb6 16. Ne5 Rfd8 17. Ndf3 h6 18. g4 Ne4 19. Bxe4 dxe4 20. Nd2 Nxd2 21. Qxd2 Rxc2 22. Qxc2 Rc8 23. Qd2 Bd6 24. Rc1 Rxc1+ 25. Qxc1 Bxe5 26. Bxe5 Qc6 27. Qc5 f6 28. Bd6 Qxc5 29. dxc5 f5 30. h3 Kf7 31. Kf1 Kf6 32. Ke1 fxg4 33. hxg4 Kg5 34. Be5 Kxg4 35. Bxg7 h5 36. Be5 Kf3 37. Bf6 Bc6 38. Bh4 1/2-1/2

[Event "Montreal op"]
[Site "Montreal CAN"]
[Date "2012.09.09"]
[Round "4"]
[White "Hambleton, Aman"]
[Black "Sapozhnikov, Roman"]
[Result "1/2-1/2"]
[WhiteElo "2468"]
[BlackElo "2470"]
[PlyCount "45"]
[GameId "2160767909445286"]
[EventDate "2012.09.07"]
[EventType "swiss"]
[EventRounds "5"]
[EventCountry "CAN"]
[SourceTitle "hb 2012"]

1. d4 d6 2. c4 e5 3. d5 f5 4. e4 fxe4 5. Nc3 Nf6 6. Nge2 Bf5 7. Ng3 Bg6 8. h4 h6 9. Be3 Be7 10. Be2 Nbd7 11. Qc2 O-O 12. h5 Bh7 13. Ngxe4 Nxe4 14. Nxe4 Nf6 15. Bd3 Nxe4 16. Bxe4 Bxe4 17. Qxe4 Bg5 18. Ke2 Bxe3 19. fxe3 Qg5 20. Rh3 Rf6 21. Rf1 Rxf1 22. Kxf1 Rf8+ 23. Ke2 1/2-1/2

[Event "Montreal op"]
[Site "Montreal CAN"]
[Date "2012.09.09"]
[Round "4"]
[White "Jiang, Louie"]
[Black "Desjardins, Michel"]
[Result "1-0"]
[WhiteElo "2338"]
[BlackElo "1996"]
[PlyCount "47"]
[GameId "2160767909445287"]
[EventDate "2012.09.07"]
[EventType "swiss"]
[EventRounds "5"]
[EventCountry "CAN"]
[SourceTitle "EXT 2013"]
[Source "ChessBase"]
[SourceDate "2012.11.22"]
[SourceVersion "1"]
[SourceVersionDate "2012.11.22"]
[SourceQuality "1"]

1. e4 d5 2. Nc3 dxe4 3. Nxe4 Qd5 4. d3 Nf6 5. Nxf6+ gxf6 6. Qf3 Qc5 7. c3 Nc6 8. d4 Qb6 9. Bc4 h5 10. h3 Na5 11. Bd3 Bd7 12. Ne2 O-O-O 13. b4 Nc6 14. O-O Bh6 15. a4 a5 16. b5 Nb8 17. c4 c5 18. Ba3 cxd4 19. Bxe7 Rde8 20. Bxf6 Rhg8 21. Nxd4 Bg5 22. Bxg5 Rxg5 23. c5 Qc7 24. Nf5 1-0

[Event "Montreal op"]
[Site "Montreal CAN"]
[Date "2012.09.09"]
[Round "4"]
[White "Kovalyov, Anton"]
[Black "MacKinnon, Keith"]
[Result "1/2-1/2"]
[WhiteElo "2593"]
[BlackElo "2301"]
[PlyCount "150"]
[GameId "2160767909445288"]
[EventDate "2012.09.07"]
[EventType "swiss"]
[EventRounds "5"]
[EventCountry "CAN"]
[SourceTitle "hb 2012"]

1. c4 c5 2. Nf3 Nc6 3. Nc3 e5 4. g3 g6 5. Bg2 Bg7 6. a3 Nge7 7. O-O O-O 8. d3 d6 9. Rb1 a5 10. Bd2 f6 11. Ne1 Be6 12. Nd5 Rb8 13. b4 axb4 14. axb4 b5 15. bxc5 bxc4 16. Rxb8 Qxb8 17. dxc4 dxc5 18. Be3 Rd8 19. Qa4 Bxd5 20. cxd5 Nd4 21. Bxd4 cxd4 22. Nd3 Qd6 23. Nb4 f5 24. Nc6 Nxc6 25. dxc6 e4 26. Rc1 Bh6 27. c7 Rc8 28. Rc6 Qe5 29. Qa6 Rxc7 30. Qc4+ Rf7 31. Re6 Qc7 32. Qxd4 Rd7 33. Re8+ Bf8 34. Qf6 Rd1+ 35. Bf1 Qf7 36. Qe5 h5 37. Kg2 Kh7 38. e3 Bg7 39. Re7 Bxe5 40. Rxf7+ Kh6 41. Re7 Bf6 42. Re6 Kg7 43. h4 Bc3 44. Rc6 Be5 45. Bb5 Rb1 46. Rc5 Bd6 47. Rd5 Be7 48. Be8 Rb8 49. Bc6 Rb6 50. Ba4 Rb4 51. Ra5 Rb6 52. Ra7 Kf7 53. Rc7 Rd6 54. Bb3+ Kf6 55. Bg8 Rd8 56. Bb3 Rd3 57. Ba4 Rd8 58. Kf1 Rb8 59. Rc6+ Kf7 60. Ke2 Rd8 61. Bb3+ Kg7 62. Rc7 Kf6 63. Rb7 Rd6 64. Ba4 Rd8 65. Bc6 Bc5 66. Rb5 Bd6 67. Bd5 Rb8 68. Rxb8 Bxb8 69. f3 Bxg3 70. fxe4 fxe4 71. Bxe4 Bxh4 72. Bxg6 Kxg6 73. Kf3 Kf5 74. e4+ Ke5 75. Kg2 Kxe4 1/2-1/2

[Event "Montreal op"]
[Site "Montreal CAN"]
[Date "2012.09.09"]
[Round "4"]
[White "Libersan, Thierry"]
[Black "Ibrahim, Anthony"]
[Result "1-0"]
[WhiteElo "2057"]
[BlackElo "2191"]
[PlyCount "127"]
[GameId "2160767909445289"]
[EventDate "2012.09.07"]
[EventType "swiss"]
[EventRounds "5"]
[EventCountry "CAN"]
[SourceTitle "EXT 2013"]
[Source "ChessBase"]
[SourceDate "2012.11.22"]
[SourceVersion "1"]
[SourceVersionDate "2012.11.22"]
[SourceQuality "1"]

1. e4 c5 2. Nf3 Nc6 3. Bb5 e6 4. Bxc6 bxc6 5. O-O d6 6. d3 e5 7. h3 Be7 8. Nc3 Nf6 9. Nh2 O-O 10. f4 exf4 11. Bxf4 d5 12. e5 Ne8 13. Nf3 Nc7 14. Qd2 Ne6 15. Bg3 Ba6 16. Kh2 Rb8 17. Rab1 Rb7 18. Ne2 Rd7 19. Rf2 c4 20. d4 c5 21. c3 Bg5 22. Bf4 Nxf4 23. Nxf4 Bh6 24. dxc5 Qc7 25. Qd4 Rc8 26. g3 Qxc5 27. Qxc5 Rxc5 28. Nd4 Re7 29. Re1 Bc8 30. Rfe2 Be6 31. Rf1 Bxf4 32. gxf4 g6 33. Kg3 Rb7 34. h4 Rb6 35. h5 Bf5 36. Nxf5 gxf5 37. Rd1 Rcb5 38. Rdd2 Kf8 39. Kf3 Rh6 40. Rh2 Ke7 41. Ke3 Rhb6 42. Kd4 Ke6 43. Rhg2 Rb8 44. a3 h6 45. Rde2 a5 46. a4 R5b7 47. Rd2 Rb3 48. Rg7 Rxb2 49. Rxb2 Rxb2 50. Rh7 Rd2+ 51. Kc5 Rf2 52. Rxh6+ Ke7 53. Kxd5 Rxf4 54. Ra6 Rh4 55. Rxa5 Rxh5 56. Ra7+ Kf8 57. a5 f4 58. Ra6 Rf5 59. Rf6 Rh5 60. Rxf4 Rh2 61. Kxc4 Ra2 62. Kb5 Ke7 63. Ra4 Rb2+ 64. Kc6 1-0

[Event "Montreal op"]
[Site "Montreal CAN"]
[Date "2012.09.09"]
[Round "4"]
[White "Masse, Hugues"]
[Black "Cloutier, Mathieu"]
[Result "1-0"]
[WhiteElo "2246"]
[BlackElo "2059"]
[PlyCount "69"]
[GameId "2160767909445290"]
[EventDate "2012.09.07"]
[EventType "swiss"]
[EventRounds "5"]
[EventCountry "CAN"]

1. d4 Nf6 2. c4 c5 3. d5 e6 4. Nc3 exd5 5. cxd5 d6 6. g3 g6 7. Bg2 Bg7 8. Nf3 O-O 9. O-O Re8 10. Nd2 Na6 11. Nc4 Nc7 12. Bf4 Bf8 13. a4 Nh5 14. Bd2 b6 15. e4 Ba6 16. b3 Bg7 17. Re1 Bxc4 18. bxc4 Nf6 19. a5 Nd7 20. f4 Rb8 21. axb6 Nxb6 22. Bf1 a6 23. Qc2 Nd7 24. Rab1 g5 25. Rxb8 Qxb8 26. Kh1 Nf6 27. e5 dxe5 28. fxg5 Nd7 29. Bd3 Nf8 30. Ne4 Nd7 31. Nd6 Re7 32. Bxh7+ Kf8 33. Rb1 Qa8 34. Be4 Qd8 35. Nb7 1-0

[Event "Montreal op"]
[Site "Montreal CAN"]
[Date "2012.09.09"]
[Round "4"]
[White "Poulin, Mathieu"]
[Black "Zhang, Yuanchen"]
[Result "1/2-1/2"]
[WhiteElo "2057"]
[BlackElo "1935"]
[PlyCount "100"]
[GameId "2160767909445291"]
[EventDate "2012.09.07"]
[EventType "swiss"]
[EventRounds "5"]
[EventCountry "CAN"]
[SourceTitle "EXT 2013"]
[Source "ChessBase"]
[SourceDate "2012.11.22"]
[SourceVersion "1"]
[SourceVersionDate "2012.11.22"]
[SourceQuality "1"]

1. d4 Nf6 2. c4 e6 3. Nc3 Bb4 4. Qc2 O-O 5. a3 Bxc3+ 6. Qxc3 b6 7. Bg5 Bb7 8. Nf3 d6 9. e3 Nbd7 10. Bd3 c5 11. Qc2 h6 12. Bh4 Rc8 13. Qe2 cxd4 14. exd4 Re8 15. O-O e5 16. dxe5 Nxe5 17. Nxe5 Rxe5 18. Qd2 d5 19. Qf4 Qe7 20. Bxf6 Qxf6 21. Qxf6 gxf6 22. cxd5 Bxd5 23. Rac1 Rxc1 24. Rxc1 Be4 25. Bxe4 Rxe4 26. Kf1 Re7 27. Rc4 Kg7 28. f3 f5 29. Kf2 Kf6 30. Rc6+ Kg7 31. a4 Rd7 32. Ke3 f4+ 33. Ke2 Rd4 34. b3 Rb4 35. Rc3 Kf6 36. Rd3 Ke5 37. g3 h5 38. Kd2 a5 39. Kc3 fxg3 40. hxg3 f5 41. f4+ Ke4 42. Rd6 Kf3 43. Rg6 b5 44. axb5 Rxb5 45. Rg5 h4 46. gxh4 Kxf4 47. Rg1 Ke3 48. Rg3+ Kf4 49. Rg1 Ke3 50. Rg3+ Kf4 1/2-1/2

[Event "Montreal op"]
[Site "Montreal CAN"]
[Date "2012.09.09"]
[Round "4"]
[White "Qin, Zi Yi (Joey)"]
[Black "Hebert, Jean"]
[Result "1/2-1/2"]
[WhiteElo "2422"]
[BlackElo "2424"]
[PlyCount "45"]
[GameId "2160767909445292"]
[EventDate "2012.09.07"]
[EventType "swiss"]
[EventRounds "5"]
[EventCountry "CAN"]
[SourceTitle "hb 2012"]

1. e4 e6 2. d4 d5 3. Nd2 Be7 4. Bd3 c5 5. dxc5 Nd7 6. exd5 exd5 7. Nb3 Nxc5 8. Nxc5 Bxc5 9. Qe2+ Qe7 10. Bb5+ Bd7 11. Bxd7+ Kxd7 12. Qxe7+ Nxe7 13. Nf3 f6 14. O-O Rhe8 15. Re1 Nf5 16. Bd2 Re4 17. Kf1 Rae8 18. Rad1 Nd6 19. Bc1 Kc6 20. Rxe4 dxe4 21. Nd4+ Bxd4 22. Rxd4 b5 23. Ke2 1/2-1/2